000 00255nam a2200109Ia 4500
008 190216s9999||||xx |||||||||||||| ||und||
100 _aThoppil Bhasi
245 0 _aSharashayya
260 _bPrabhath Book House
650 _aMalayalam Nadakam
942 _cBK
999 _c26030
_d26030